| 000 | 01211nam a22002297a 4500 | ||
|---|---|---|---|
| 999 |
_c59341 _d59341 |
||
| 003 | Ge_BSU | ||
| 005 | 20230125122856.0 | ||
| 008 | 230125s2021 ge ||||| |||| 00| 0 geo d | ||
| 020 | _a9789941834783 | ||
| 041 | _ageo | ||
| 080 | _a811.353.1'373 ც-52 | ||
| 100 |
_aცეცხლაძე, შოთა _91699 |
||
| 245 |
_aაჭარული ლექსიკა : _b(შუახევის მუნიციპალიტეტის მაგალითები) / _cშოთა ცეცხლაძე ; რედაქტორი დიმიტრი ცეცხლაძე. |
||
| 264 |
_aბათუმი, _c2021. |
||
| 300 |
_a126 გვ. ; _b20 სმ. |
||
| 500 | _aეძღვნება ტარიელ ფუტკარაძის ხსოვნას | ||
| 501 | _aწიგნი დაიბეჭდა ფრიდონ ფუტკარაძის ფინანსური დახმარებით | ||
| 653 | _aქართული ლექსიკა. | ||
| 653 | _aქართული დიალექტები. | ||
| 700 |
_aცეცხლაძე, დიმიტრი _eრედაქტორი _912173 |
||
| 942 |
_2udc _cBK |
||